1967 1291 1686 1402 1624 1416 1591 1371 1451 1353 1179 1777 1789 1727 1966 1713 1834 1794 1166 1145 1595 1018 1995 1920 1928 1418 1908 1760 1048 1339 1889 1947 1057 1242 1938 1014 1951 1719 1422 1389 1911 1456 1001 1515 1702 1065 1907 1313 1753 1188 1945 1222 1234 1839 1579 1005 1035 1308 1676 1088 1677 1969 1165 1548 1838 1608 1939 1676 1772 1829 1743 1841 1295 1817 1972 1348 1057 1232 1598 1140 1516 1216 1579 1627 1408 1703 1290 1930 1692 1556 1650 1311 1220 1930 1322 1253 1819 1293 1363 BCNSPRNW ULIB Ver.6.0+V

เปลี่ยนเป็นภาษาไทย

Change to English
 แสดงรายละเอียดบรรณานุกรม
  กลับหน้าหลัก

Brief Record : Get Marc (ISO 2709) : E-mail record : QR code < ปิดหน้าต่าง
LEADER : 00000nam 2200000uu 4500
001    13399122393
003     ULIB
008    130315s2549||||th 000 0 tha d
020    97897448813547
090    นว^bท455ร
100 0  ทิพเกสร
245 00 รักเล่ห์เสน่ห์ลวง^cทิพเกสร
260    ^c2549
945    ^p280^l0^i020429
999    ^aเกษร โพธิ์สุวรรณ
รายการนี้ยังไม่มีแท็ก
คุณยังไม่ได้ล็อกอิน คุณสามารถมีกิจกรรมร่วมกับเว็บไซต์ได้ แต่ต้องล็อกอินก่อน ::
  ล็อกอิน

รายการสื่อสารสนเทศ

ลำดับที่ ประเภท เลขเรียก/บาร์โค้ด สถานที่ สถานะ
1. นวนิยาย
นวนิยาย
นว ท455ร  
  Barcode: 020429
ห้องสมุดวิทยาเขตสวรรค์ประชารักษ์
►นวนิยาย
บนชั้น
  ขอยืม

BibComment


ยังไม่เคยถูกคอมเมนท์

คอมเมนท์ทรัพยากรรายการนี้
  คอมเมนท์: รักเล่ห์เสน่ห์ลวง..


 Copyright 2026. Bcnsprnw @Library